Course in internal combustion engines / (Record no. 9338)
[ view plain ]
| 000 -LEADER | |
|---|---|
| fixed length control field | 00761cam a2200313ua 4500 |
| 041 ## - LANGUAGE CODE | |
| Language code of text/sound track or separate title | eng |
| 082 ## - DEWEY DECIMAL CLASSIFICATION NUMBER | |
| Classification number | 621.43 |
| Item number | MAT/CO |
| 100 ## - MAIN ENTRY--AUTHOR NAME | |
| Personal name | Mathur, M L . |
| 245 ## - TITLE STATEMENT | |
| Title | Course in internal combustion engines / |
| 250 ## - EDITION STATEMENT | |
| Edition statement | 1 / |
| 260 ## - PUBLICATION, DISTRIBUTION, ETC. (IMPRINT) | |
| Place of publication | New Delhi : |
| Name of publisher | Dhanpat Rai Publishing Co. Pvt. Ltd. , |
| Year of publication | 1985. |
| 300 ## - PHYSICAL DESCRIPTION | |
| Number of Pages | 759 ; . |
| 500 ## - GENERAL NOTE | |
| General note | * CSS |
| 700 1# - ADDED ENTRY--PERSONAL NAME | |
| Personal name | Sharma, R P . |
| 942 ## - ADDED ENTRY ELEMENTS (KOHA) | |
| Koha item type | Books |
| Withdrawn status | Lost status | Damaged status | Home library | Current library | Date acquired | Full call number | Accession Number | Koha item type |
|---|---|---|---|---|---|---|---|---|
| Damaged | KAUAET | KAUAET | 12/02/1986 | 621.43 | 14876 | Books | ||
| KAUAET | KAUAET | 12/02/1986 | 621.43 | 14878 | Books |
